Dörfer von Schmallenberg - Statistiken

Allgemein
  • Dieses Quiz wurde 14 mal gespielt
  • Das Durchschnittsergebnis liegt bei 15 aus 30
Antwortstatistiken
Hint Antwort % Korrekt
3866 Bad Fredeburg
89%
1568 Fleckenberg
89%
1385 Gleidorf
89%
6119 Schmallenberg
89%
198 Winkhausen
89%
1054 Grafschaft
78%
334 Lenne
78%
829 Oberkirchen
78%
370 Wormbach
78%
892 Dorlar
67%
574 Holthausen
67%
147 Huxel
67%
799 Westfeld
67%
1095 Bödefeld
56%
495 Bracht
56%
230 Arpe
44%
165 Felbecke
44%
210 Werpe
44%
311 Westernbödefeld
44%
162 Latrop
33%
251 Niederberndorf
33%
209 Berghausen
22%
279 Kirchrarbach
22%
197 Nordenau
22%
379 Oberhenneborn
22%
150 Selkentrop
22%
177 Altenilpe
11%
224 Niedersorpe
11%
163 Sellinghausen
11%
228 Brabecke
0%
Keine übereinstimmenden Quizze gefunden
Verteilung der Resultate
Anzahl Personen mit jedem Resultat
Perzentil nach korrekt beantworteten Fragen
Ihre Resultats-Entwicklung
Sie haben dieses Quiz noch nicht gespielt